000 00713nam a22002537a 4500
001 BR8805821
003 BR-BrBNA
005 20230928095146.0
007 ta
008 230509b bl.||||| |||| 00| 0 por d
040 _aBR-BrBNA
_bpor
_cBiblioteca Nacional de Agricultura
041 _a(Por)
072 _aE20; E13; E40
090 _ E20 BR8805821
110 1 _aCooperativa Mista de Pesca Nipo-Brasileira, Santos, SP (Brasil)
_92903
245 1 _aRelatorio 1984 [Cooperativa Mista de Pesca Nipo-Brasileira]
260 3 _aSantos, SP (Brasil):
_c1984.
300 _a17 p.
650 _aCooperativa
650 _aPesca
650 _aContabilidade
909 _a202309
_bLucia
_c55
_dLucia Elande
942 _cBK
999 _c54881
_d54881